[Event "XIV Figueira da Foz Open 2020"]
[Site "Figueira da Foz"]
[Date "2020.10.25"]
[Round "3.5"]
[White "Fernandes, Miguel A. Murtinho"]
[Black "Janik, Igor"]
[Result "0-1"]
[WhiteElo "2139"]
[BlackElo "2489"]
[Annotator "TA"]
[PlyCount "84"]
[EventDate "2020.10.24"]
[EventType "swiss"]
[EventCountry "POR"]
[SourceTitle "playchess.com"]
[Source "ChessBase"]
[SourceQuality "1"]

{[%evp 12,84,17,17,19,19,15,21,29,5,7,0,0,0,7,-22,-20,-34,-33,-20,-28,-47,-37,-51,0,-14,-15,-23,-10,-16,-10,-23,-19,-95,-93,-126,-120,-122,-122,-118,-121,-136,-147,-143,-128,-236,-228,-270,-280,-283,-229,-290,-270,-287,-289,-307,-276,-277,-245,-366,-240,-382,-341,-453,-428,-606,-598,-1091,-1083,-6179,-6179,-2546,-1876,-1233,-1089]} 1. d4 d5 2. c4 dxc4 3. e4 Nf6 4. e5 Nd5 5. Bxc4 Nb6 6. Bb3 Nc6 7. Nf3 Bf5 {D20: Queen's Gambit Accepted: 3 e3 and 3 e4.} 8. O-O e6 9. Nc3 Nb4 {The position is equal.} 10. Be3 Be7 11. a3 N4d5 $1 12. Qe2 O-O {[#]} 13. Nd2 $146 {[#]} ({Predecessor:} 13. Rfd1 Qc8 14. Bg5 Qd8 15. Bd2 Nxc3 16. bxc3 c5 17. a4 Rc8 18. dxc5 Bxc5 19. Bg5 {1-0 (69) Nikolic,P (2665)-Van den Doel,E (2593) Leiden 2008}) 13... c5 $1 {[%mdl 512] Strongly threatening ...cxd4.} 14. dxc5 Nxc3 15. bxc3 Bd3 16. Qg4 Nd7 $36 {[%mdl 2048] Black is more active.} 17. Rfd1 Bf5 ({And not} 17... Nxc5 18. Bxc5 Bxc5 19. Ne4 $16) ({Inferior is} 17... Nxe5 18. Qg3 $16) ({Black should try} 17... Qc7 $1 $15) 18. Qg3 Qc7 19. Nc4 Nxc5 20. Bxc5 Bxc5 21. Nd6 Bg6 22. Ba2 (22. Rd2 $11) 22... Rad8 $17 {White is now going downhill.} 23. Bb1 {[#]} Rd7 $1 24. Bxg6 hxg6 25. Rd3 Rfd8 26. Rad1 Bxa3 27. h4 Qc6 28. h5 (28. Qg5 $17) 28... Bxd6 29. exd6 gxh5 30. Qe5 b6 31. Rg3 {[%csl Gg3][%cal Re5g7]} g6 {[%cal Rd7d6]} 32. Qxh5 {Threatening Rd4.} Rxd6 33. Re1 {intending Qh6.} Qe8 34. Ree3 Qf8 35. Qg4 (35. Qh4 $142) 35... Qg7 36. f4 (36. Qf4 $142) 36... Qf6 37. Ref3 Kg7 {Black is clearly winning.} 38. f5 (38. Rh3 $142) 38... Rd1+ $19 39. Kh2 exf5 40. Rxf5 Rh8+ 41. Rh5 Rxh5+ 42. Qxh5 Qd6 {Av CentiPawn Loss W=32/B=-34. Weighted=-24/-54} 0-1

[Event "XIV Figueira da Foz Open 2020"]
[Site "Figueira da Foz"]
[Date "2020.10.25"]
[Round "3.6"]
[White "Martin Duque, Jesus"]
[Black "Stella, Andrea"]
[Result "1-0"]
[WhiteElo "2426"]
[BlackElo "2457"]
[Annotator "TA"]
[PlyCount "60"]
[EventDate "2020.10.24"]
[EventType "swiss"]
[EventCountry "POR"]
[SourceTitle "playchess.com"]
[Source "ChessBase"]
[SourceQuality "1"]

{[%evp 22,60,20,10,19,13,26,49,14,5,43,20,11,12,16,23,49,14,47,0,16,7,8,0,0,0,160,125,203,203,217,217,208,209,206,216,210,202,258,225,221]} 1. e4 c5 2. Nf3 e6 3. d4 cxd4 4. Nxd4 Nf6 5. Nc3 Nc6 6. Nxc6 bxc6 7. e5 Nd5 8. Ne4 Qc7 9. f4 Qb6 10. c4 Bb4+ 11. Ke2 f5 12. exf6 Nxf6 {B45: Sicilian Four Knights.} 13. Be3 Qd8 14. Nd6+ Bxd6 {White is slightly better.} 15. Qxd6 Bb7 16. Rd1 Rc8 17. g4 {Strongly threatening g5.} c5 18. Rg1 Rf8 19. g5 $36 {[%mdl 2048] [#] Black is under pressure.} ({Of course not} 19. Bxc5 Rf7 $15) 19... Ne4 $146 ({Predecessor:} 19... Nh5 20. Bh3 Qc7 21. Rgf1 Qxd6 22. Rxd6 g6 23. Bg4 Ng7 24. Rfd1 Rc7 25. Bd2 Bc6 {1-0 (37) Pirs,J (2387)-Esen,N (2427) ICCF email 2017}) 20. Qe5 (20. Qd3 $5 {[%cal Rf1g2]} Rc7 21. Bc1 $14) 20... Qe7 {White must now prevent ...Rf5.} 21. Bh3 $1 g6 22. Rd3 Kf7 $1 {And now ...d6 would win.} 23. Rgd1 Rcd8 $2 {[#]} (23... Rfd8 $11 24. b3 d6) 24. Rd6 $1 $16 Nxd6 (24... Ke8 $16 {was called for.} 25. Bxe6 Nxd6 26. Rxd6 Bc8) 25. Rxd6 $18 Kg8 26. Bxc5 Qg7 27. Qxg7+ Kxg7 28. Bd4+ Kf7 29. Bf6 ({Inferior is} 29. Bxa7 Ke8 $11) 29... Bc6 {[#]} 30. Bxe6+ $1 {[%mdl 512]} Ke8 {Av CentiPawn Loss W=-9/B=-21. Weighted=-13/-24} (30... dxe6 31. Bxd8) 1-0

[Event "XIV Figueira da Foz Open 2020"]
[Site "Figueira da Foz"]
[Date "2020.10.25"]
[Round "3.7"]
[White "Grigoryan, Karen H."]
[Black "Torres Dominguez, David"]
[Result "1-0"]
[WhiteElo "2658"]
[BlackElo "2029"]
[Annotator "TA"]
[PlyCount "87"]
[EventDate "2020.10.24"]
[EventType "swiss"]
[EventCountry "POR"]
[SourceTitle "playchess.com"]
[Source "ChessBase"]
[SourceQuality "1"]

{[%evp 17,87,0,0,-4,0,0,0,0,1,5,13,3,21,35,41,32,52,42,77,86,85,91,84,85,115,114,96,97,216,217,212,212,218,195,209,212,300,283,300,246,675,697,1005,939,1012,960,955,916,857,877,887,866,789,710,883,712,844,843,940,670,837,673,2007,1779,2772,2295,2748,1972,1914,780,5085,3561]} 1. e4 e5 2. Nf3 Nc6 3. d4 exd4 4. Nxd4 Nf6 5. Nc3 Bb4 6. Nxc6 bxc6 7. Bd3 d5 8. exd5 O-O 9. O-O cxd5 10. Qf3 {C47: Scotch Four Knights and Four Knights with 4 g3.} Bg4 11. Qg3 Qd7 12. h3 {The position is equal.} Bf5 {[#]} 13. Qf3 $146 ({Predecessor:} 13. Bxf5 Qxf5 14. Qd3 Qe5 15. Bd2 Bd6 16. g3 Qh5 17. Kg2 c6 18. Rfe1 Nd7 19. Rad1 {0-1 (44) Zatonskih,A (2512)-Pruijssers,R (2514) Netherlands 2012}) 13... Bxd3 14. cxd3 Bxc3 15. bxc3 Rfe8 16. Be3 Qc6 17. Bd4 Re6 18. Rfe1 Rae8 19. Rxe6 Rxe6 20. Rb1 Nd7 21. Bxa7 Qxc3 22. Qxd5 $40 {[%mdl 128] White is out for blood.} Re1+ (22... Qc6 $16 23. Qxc6 Rxc6) 23. Rxe1 $18 Qxe1+ 24. Kh2 Qe5+ 25. Qxe5 Nxe5 {[%mdl 4096] Endgame [#] KB-KN} 26. d4 $1 {[%cal Rd4e5]} Nd3 (26... Nc4 {was called for.} 27. Kg3 Kf8 28. Bc5+ Ke8) 27. a4 {[%cal Ba2a4,Ba4a5,Ba5a6,Ba6a7][%mdl 32]} Nb4 28. Bc5 Nd5 $2 (28... Na6 29. Kg3 f6) 29. a5 {White is clearly winning.} f6 30. a6 c6 31. a7 Nc7 32. Kg3 Kf7 33. Bd6 Na8 34. Kf4 Ke6 35. Bf8 g6 36. h4 Kf7 37. Bc5 Ke6 38. Ke4 Nc7 39. Kd3 Kd5 40. Kc3 Na8 41. Kb4 Ke6 42. Ka5 Kd7 43. Ka6 {[#] Strongly threatening Kb7.} Kc7 44. Be7 {Black got outplayed after the opening. Av CentiPawn Loss W=-125/B=-155. Weighted=-140/-121} 1-0

[Event "XIV Figueira da Foz Open 2020"]
[Site "Figueira da Foz"]
[Date "2020.10.25"]
[Round "3.8"]
[White "Loeffler, Stefan"]
[Black "Silva, Mariana Sofia T."]
[Result "1-0"]
[WhiteElo "2352"]
[BlackElo "1885"]
[Annotator "TA"]
[PlyCount "45"]
[EventDate "2020.10.24"]
[EventType "swiss"]
[EventCountry "POR"]
[SourceTitle "playchess.com"]
[Source "ChessBase"]
[SourceQuality "1"]

{[%evp 9,45,33,33,12,37,32,53,45,65,58,141,129,153,93,127,126,136,135,128,138,134,136,129,131,210,135,250,170,434,453,442,421,469,375,363,308,29990,29989]} 1. d4 Nf6 2. Bg5 Ne4 3. Bf4 d5 4. e3 c5 5. Bd3 cxd4 6. exd4 {A45: Trompowsky Attack.} Qb6 7. Nc3 Nc6 8. Nf3 {[#] White is slightly better.} Bg4 $146 {Black wants to play ...e5!} ({Predecessor:} 8... Bf5 9. O-O e6 10. Re1 Be7 11. Nxe4 dxe4 12. Bxe4 Bxe4 13. Rxe4 Qxb2 14. c4 O-O {1-0 (33) Zaja,I (2489)-Bartos,J (2293) Znojmo 2005}) 9. O-O Nxc3 (9... Nf6 $14) 10. bxc3 $16 Qd8 {[#]} 11. Qb1 (11. Rb1 $142 $1) 11... Qc8 12. Ne5 $36 {[%mdl 2048] Keeping Black busy.} Nxe5 13. Bxe5 Bd7 14. Qb3 e6 15. c4 dxc4 16. Bxc4 a6 (16... Be7 $16) 17. a4 h5 (17... Be7 $16 {was called for.}) 18. Rae1 Qc6 $2 (18... Be7 19. Bxg7 Rg8) 19. d5 $18 Qxa4 20. Qxb7 Rc8 21. dxe6 fxe6 {[#]} 22. Bxe6 $1 {[%mdl 512]} Kd8 $2 (22... Bxe6 $18 23. Bxg7 Qd7 24. Rxe6+ (24. Qxa6 Bxg7 25. Rxe6+ Kf7 $11) 24... Qxe6) 23. Bxd7 {Av CentiPawn Loss W=-22/B=-98. Weighted=-23/-194} 1-0

[Event "XIV Figueira da Foz Open 2020"]
[Site "Figueira da Foz"]
[Date "2020.10.25"]
[Round "3.9"]
[White "Antolak, Julia"]
[Black "Navarro Martinez, Victor"]
[Result "1-0"]
[WhiteElo "2313"]
[BlackElo "1732"]
[Annotator "TA"]
[PlyCount "59"]
[EventDate "2020.10.24"]
[EventType "swiss"]
[EventCountry "POR"]
[SourceTitle "playchess.com"]
[Source "ChessBase"]
[SourceQuality "1"]

{[%evp 14,59,27,13,37,22,27,8,74,76,64,62,56,54,138,130,139,52,58,41,59,-43,-35,-75,149,139,258,148,364,359,634,625,633,566,617,607,667,666,633,641,627,566,791,789,1322,1314,1323,1322]} 1. e4 c5 2. Nf3 Nc6 3. d4 cxd4 4. Nxd4 g6 5. Nc3 Bg7 6. Be3 Nf6 7. Bc4 O-O 8. Bb3 Re8 {B35: Sicilian: Accelerated Dragon with 5 Nc3: main line.} 9. f3 e6 10. f4 Nd5 (10... Ng4 $11 11. Qxg4 Nxd4) 11. exd5 $16 ({Of course not} 11. Nxd5 exd5 12. Bxd5 Qb6 $15) 11... exd5 {[#]} 12. O-O $146 ({Predecessor:} 12. Kf2 Rxe3 13. Kxe3 Nxd4 14. Nxd5 Nf5+ 15. Kd2 Bxb2 16. Re1 d6 17. c3 Be6 18. Rb1 {½-½ (34) Azarov,S (2574)-Dragun,K (2594) Rockville 2018}) 12... Rxe3 13. Ndb5 $36 {[%mdl 2048] White is pushing.} Qa5 (13... d4 $14 14. Nd5 d6) 14. Qxd5 Re6 15. Qd3 (15. f5 $16 a6 16. fxe6 dxe6 17. Qf3) 15... Nb4 $14 16. Qd2 d5 $1 17. a3 (17. Kh1 $14) 17... Nc6 $1 $15 {And now ...d4 would win.} 18. Bxd5 {[#]} Bxc3 $2 (18... a6 $1 $17 {[%cal Ra6b5] keeps the pressure on.} 19. f5 (19. Bxe6 Bxe6 20. Nd6 Rd8 $17) 19... gxf5 20. Rxf5 (20. Bxe6 Bxe6 21. Nd6 Qb6+ 22. Kh1 Nd4 $17) 20... axb5 21. Bxe6 Bxe6 22. Rxb5 Qa6) 19. Nxc3 $16 {f5 is the strong threat.} Qc5+ {[#]} (19... Re7 $16 20. Qf2 Bf5) 20. Kh1 (20. Rf2 $1 $18) 20... Re8 $2 {Black cannot hold the game after this.} (20... Qe3 $16 21. Rad1 Re7) 21. Ne4 $18 Qe7 $2 (21... Rxe4 22. Bxe4 Bf5) 22. Qc3 {White is clearly winning.} Qxe4 23. Bxe4 Rxe4 24. Rae1 Bf5 25. Rxe4 Bxe4 26. Re1 Bf5 27. Qb3 Rd8 28. Qxb7 Be4 29. h3 Re8 {[#]} 30. Rxe4 $1 {Av CentiPawn Loss W=-25/B=-92. Weighted=-32/-91} 1-0

[Event "XIV Figueira da Foz Open 2020"]
[Site "Figueira da Foz"]
[Date "2020.10.25"]
[Round "3.10"]
[White "Silva, Pedro Gil Ferreira D"]
[Black "Margarido, Jose Miguel Teixeira"]
[Result "1/2-1/2"]
[WhiteElo "2034"]
[BlackElo "2138"]
[Annotator "TA"]
[PlyCount "94"]
[EventDate "2020.10.24"]
[EventType "swiss"]
[EventCountry "POR"]
[SourceTitle "playchess.com"]
[Source "ChessBase"]
[SourceQuality "1"]

{[%evp 9,94,6,27,-4,-4,-4,-4,-2,5,-7,0,-8,-8,-20,1,-2,2,0,50,47,66,57,111,113,125,118,127,129,153,156,157,145,168,158,182,175,351,338,325,225,216,212,205,168,191,164,212,204,213,208,190,125,204,135,135,135,135,135,165,154,142,135,169,163,160,111,135,97,136,124,154,125,121,0,0,0,0,0,0,0,0,0,0,0,0,0,0]} 1. e4 e5 2. Nf3 Nc6 3. Nc3 Nf6 4. Bb5 Nd4 5. Bc4 Bc5 6. O-O {C48: Four Knights: 4 Bb5, replies other than 4...Bb4.} d6 7. Nxd4 Bxd4 8. d3 Be6 (8... a5 {is interesting.} 9. a4 O-O 10. Qf3 c6 11. h3 Be6) 9. Bb3 Qe7 {[#]} 10. Ne2 $146 ({Predecessor:} 10. Na4 a6 11. Bxe6 fxe6 12. Be3 b5 13. Nc3 O-O 14. Bxd4 exd4 15. Ne2 e5 16. c3 dxc3 17. bxc3 {½-½ (28) Gafert,M (1794)-Hallekamp,G (2062) Winsen/Luhe 2011}) 10... Bb6 11. c3 h6 12. Ng3 O-O 13. h3 Kh7 14. Bc2 g6 15. d4 g5 (15... a5 $14) 16. Be3 $16 Ne8 17. Qd2 Ng7 18. Nf5 Bxf5 19. exf5 f6 20. Rae1 Qf7 21. Bb3 Qh5 22. Kh2 Rad8 $2 {[#]} (22... g4 23. Qe2 gxh3) 23. g4 $18 Qe8 24. f4 exf4 25. Bxf4 Qd7 26. Bg3 d5 27. h4 c6 28. hxg5 hxg5 29. Kg2 Bc7 30. Qd3 (30. Rh1+ $18 Kg8 31. Bxc7 Qxc7 32. c4) 30... Rde8 (30... Bxg3 $16 {might work better.} 31. Qxg3 Rfe8) 31. c4 Bxg3 32. Qxg3 {[#] Threatens to win with cxd5.} Rxe1 33. Rxe1 {cxd5 is the strong threat.} Re8 34. cxd5 cxd5 35. Rh1+ Kg8 36. Qf3 Rd8 37. Rc1 {Strongly threatening Rc5.} b6 38. Re1 Qd6 39. Rh1 Kf7 40. Rh7 Kg8 41. Qh3 ({Better is} 41. Rh6 $16) 41... Re8 $11 {The position is equal.} 42. Rh8+ Kf7 43. Rxe8 Nxe8 44. Qh5+ Kf8 45. Qh6+ Kf7 46. Qh5+ Kf8 47. Qh6+ Kf7 {Black defended with fortune. Av CentiPawn Loss W=-16/B=-16. Weighted=-17/-18} 1/2-1/2

[Event "XIV Figueira da Foz Open 2020"]
[Site "Figueira da Foz"]
[Date "2020.10.25"]
[Round "3.11"]
[White "Tadevosyan, Aspet"]
[Black "Soares, Sara Joana De Moura "]
[Result "1-0"]
[WhiteElo "2136"]
[BlackElo "1654"]
[Annotator "TA"]
[PlyCount "74"]
[EventDate "2020.10.24"]
[EventType "swiss"]
[EventCountry "POR"]
[SourceTitle "playchess.com"]
[Source "ChessBase"]
[SourceQuality "1"]

{[%evp 13,74,37,35,37,39,17,26,14,12,39,42,-32,70,38,60,56,62,69,69,62,67,59,68,0,15,28,20,17,55,24,115,118,152,110,159,159,229,225,200,128,169,160,156,139,160,121,182,127,148,156,189,197,290,208,358,214,598,306,29986,29986,29995,29996,29999]} 1. e4 c5 2. Nf3 Nc6 3. Bb5 g6 4. Bxc6 bxc6 5. O-O Bg7 6. Re1 Nf6 7. e5 Nd5 8. c4 {B31: Sicilian: 2...Nc6 3 Bb5 g6.} Nc7 9. b3 O-O 10. Bb2 {White has an edge.} Ne6 11. Nc3 d6 12. Ne4 {[#]} (12. Na4 $14) 12... Bb7 $146 (12... d5 $15 13. Ng3 Qb6) ({Predecessor:} 12... f6 13. exf6 exf6 14. d4 f5 15. Ng3 Qf6 16. Ne2 Ng5 17. Nf4 Nxf3+ 18. Qxf3 Bd7 19. Ne2 Qh4 20. Rad1 Rae8 21. g3 Qe4 22. Qxe4 {½-½ (22) Carstens Dobuchak,T (2059)-Hurtado Bahamonde,R (2133) Antofagasta 2016}) 13. Qc2 Rc8 14. exd6 exd6 15. Bxg7 Nxg7 16. Qc3 {Threatens to win with Nf6+.} f5 17. Neg5 Qd7 18. Re2 (18. h4 $14) 18... Rce8 19. Rxe8 $1 Rxe8 20. h4 Bc8 21. Rd1 Ne6 (21... h6 $11 22. Qf6 hxg5 23. Nxg5 {[#]} Re6 $1 {[%mdl 512]} 24. Nxe6 Qxe6 25. Qd8+ Kf7) 22. Nxe6 $16 Qxe6 23. h5 Qf7 24. d4 Qg7 (24... Qf6 $16) 25. Qd2 $18 cxd4 {White should prevent ...c5.} 26. Nxd4 ({Don't do} 26. Qxd4 $6 Qxd4 27. Rxd4 (27. Nxd4 Bb7 $14) 27... Rd8 $16) 26... Bb7 27. hxg6 hxg6 28. Nf3 d5 29. c5 Qc7 (29... Qf6 $16) 30. g3 ({Better is} 30. Re1 $18 Re4 31. Qg5) 30... Qf7 31. Kg2 Ba6 32. Nd4 Bb7 (32... Qf6 {keeps fighting.} 33. Qf4 Be2) 33. Rh1 Qg7 (33... Qf6 {was necessary.} 34. Qh6 Re7) 34. Qf4 (34. Qg5 $142) 34... Qf7 $2 {[#]} (34... Qf6 {is more resistant.} 35. Nf3 Ba6) 35. Qd6 Rc8 $2 (35... Bc8 $18 36. Qxc6 Kg7) 36. Ne6 Qf6 37. Qd7 {[%csl Gh1][%cal Rd7h7]} Rf8 {Av CentiPawn Loss W=-31/B=-74. Weighted=-25/-89} 1-0

[Event "XIV Figueira da Foz Open 2020"]
[Site "Figueira da Foz"]
[Date "2020.10.25"]
[Round "3.12"]
[White "Santos, Antonio P"]
[Black "Fonseca, Pedro Miguel Ramos"]
[Result "1-0"]
[WhiteElo "2123"]
[BlackElo "1590"]
[Annotator "TA"]
[PlyCount "103"]
[EventDate "2020.10.24"]
[EventType "swiss"]
[EventCountry "POR"]
[SourceTitle "playchess.com"]
[Source "ChessBase"]
[SourceQuality "1"]

{[%evp 21,103,21,26,12,61,61,75,70,71,65,64,48,187,188,196,196,195,200,187,204,227,187,238,192,197,194,172,131,127,91,95,95,154,67,224,60,94,68,76,21,17,19,54,-10,0,-68,-18,-70,-69,-50,-40,-42,-45,-75,0,0,162,162,175,175,162,190,361,360,396,407,449,440,481,529,599,598,777,782,911,947,891,889,1618,1568,1174,821,801,814]} 1. d4 Nf6 2. c4 e6 3. g3 d5 4. Bg2 Be7 5. Nf3 O-O 6. O-O dxc4 7. Qc2 a6 8. Qxc4 b5 9. Qc2 Bb7 10. Bd2 Nbd7 11. Ba5 Rc8 12. Nbd2 {[%cal Bb1d2,Bd2b3,Bb3a5][%mdl 32] E05: Open Catalan: 5 Nf3 Be7.} Qe8 13. b4 $1 Nd5 14. a3 {[#] White is better.} Bd8 $146 ({Predecessor:} 14... Ba8 15. Rac1 e5 16. Nxe5 Nxe5 17. dxe5 c5 18. e4 Nc7 19. bxc5 Ne6 20. Nb3 Nxc5 21. Nxc5 Rxc5 22. Qd2 Rc6 23. Bb4 Rxc1 24. Rxc1 Qc6 {1-0 (24) Fiaes,M (2122)-Guerra,T (1860) Recife 2019}) 15. e4 Ne7 16. Nb3 e5 (16... Nc6 $14) 17. Nxe5 $18 ({But not} 17. dxe5 $6 Nc6 $16) 17... Nxe5 18. dxe5 Nc6 19. f4 Nxa5 20. Nxa5 Ba8 {intending ...c5.} 21. Nb3 a5 (21... Qe6 {was necessary.} 22. Nc5 Qh6) 22. Rfd1 ({Don't do} 22. Nxa5 $6 c5) 22... axb4 23. axb4 {Hoping for Bh3.} Be7 24. Nc5 Qc6 25. Rd5 Qb6 26. Rd7 Rfe8 (26... Bxc5+ $142 27. bxc5 Qe6) 27. h4 (27. Bh3 $1 $16 {And now Rxe7! would win.} Rcd8 28. Kf1) 27... Bc6 $2 {[#]} (27... Bxc5+ $14 28. bxc5 Qe6) 28. Rdd1 $2 (28. Rxe7 $1 $18 {[%mdl 512]} Rxe7 29. Ra6) 28... Rcd8 29. Kh2 {Threatens to win with Rxd8.} (29. Rdc1 {is interesting.} Ra8 30. Rab1 Bd7 31. f5 Ra3 32. Qf2) 29... Bxc5 30. Qxc5 (30. bxc5 $16 Qb7 31. Rxd8 Rxd8 32. f5) 30... Qxc5 $11 31. bxc5 {next Rxd8 is good for White.} Kf8 32. Rd5 (32. Rxd8 $14 Rxd8 33. Ra7) 32... Ra8 33. Rad1 (33. Rxa8 $11 Rxa8 34. Rd2) 33... Ra2 34. Kh3 (34. R5d2 $11 Rea8 35. Kg1) 34... Rc2 $15 ({Much weaker is} 34... Bxd5 $6 35. exd5 b4 36. d6 $11) 35. R1d2 Rc4 36. R5d4 {Black should prevent Rxc4.} Rxc5 37. h5 f6 (37... Ke7 $17) 38. exf6 $11 Rxh5+ $2 (38... gxf6 $11 39. Kh4 Kf7) 39. Kg4 $18 Rh6 40. fxg7+ Kxg7 41. f5 Rf6 $2 (41... Rd6 {is a better defense.}) 42. Kf4 {Strongly threatening e5.} Rf7 43. g4 Bb7 44. Rb4 {White is clearly winning.} Ba6 45. Rc2 Rc8 46. Rc5 Rd7 47. e5 Rd2 48. f6+ Kf8 49. Be4 h6 50. e6 Re8 51. Bf5 Bc8 52. Re4 {Av CentiPawn Loss W=-24/B=-44. Weighted=-31/-43} 1-0

[Event "XIV Figueira da Foz Open 2020"]
[Site "Figueira da Foz"]
[Date "2020.10.25"]
[Round "3.13"]
[White "Pipiras, Filipa Fortuna"]
[Black "Roettgen, Juergen"]
[Result "1/2-1/2"]
[WhiteElo "1912"]
[BlackElo "2099"]
[Annotator "TA"]
[PlyCount "38"]
[EventDate "2020.10.24"]
[EventType "swiss"]
[EventCountry "POR"]
[SourceTitle "playchess.com"]
[Source "ChessBase"]
[SourceQuality "1"]

{[%evp 9,38,8,11,3,40,30,36,35,50,51,45,27,55,47,58,49,64,60,66,58,55,51,58,-29,-20,-32,-14,-21,-8,-5,-19]} 1. d4 d5 2. c4 c6 3. cxd5 cxd5 4. Bg5 h6 5. Bh4 Nc6 6. Nc3 {D10: Slav Defence: 3 cxd5 (without early Nf3) and 3 Nc3.} Qa5 7. e3 e6 8. Bd3 {[#] White is slightly better.} Bd6 $146 ({Predecessor:} 8... b6 9. a3 b5 10. Bxb5 Bd7 11. Nf3 Nf6 12. O-O Bd6 13. b4 Qb6 14. Bd3 Ne7 {½-½ (44) Bartholomew,J (2446)-Cerveny,M (2386) chess.com INT 2020}) 9. a3 a6 10. b4 Qb6 11. Nf3 (11. Qg4 {with more complications.} Qc7 12. Rc1 Kf8 13. Qf3 Bxh2 14. Nge2) 11... Nge7 12. Bg3 (12. O-O {is more complex.} Qd8 13. Re1 f5 14. Rc1 O-O 15. Bg3) 12... Bxg3 13. hxg3 Qc7 14. Rc1 $36 {[%mdl 2048] White has the initiative.} Bd7 15. g4 e5 16. dxe5 (16. Be2 $14) 16... Bxg4 $11 17. Be2 Bxf3 18. Bxf3 Qxe5 19. O-O {[%cal Rc3d5]} Rd8 {Av CentiPawn Loss W=-12/B=-10. Weighted=-12/-9} 1/2-1/2

[Event "XIV Figueira da Foz Open 2020"]
[Site "Figueira da Foz"]
[Date "2020.10.25"]
[Round "3.14"]
[White "Movsisyan, Tigran"]
[Black "Fernandes, Joao Pedro Murtinho"]
[Result "1-0"]
[WhiteElo "1730"]
[BlackElo "2084"]
[Annotator "TA"]
[PlyCount "79"]
[EventDate "2020.10.24"]
[EventType "swiss"]
[EventCountry "POR"]
[SourceTitle "playchess.com"]
[Source "ChessBase"]
[SourceQuality "1"]

{[%evp 9,79,16,34,0,0,1,25,13,13,14,20,-7,-11,-10,-10,-6,-6,-6,-10,-8,9,0,0,-18,-2,-10,-10,-10,-3,-25,-16,-17,-25,-27,-16,-16,0,1,312,299,357,350,354,339,318,330,355,359,354,372,335,318,1139,1140,1769,1701,1373,450,447,443,437,279,421,421,421,421,432,429,547,467,531,460]} 1. e4 c5 2. Nc3 Nc6 3. Bb5 e6 4. Bxc6 bxc6 5. d3 d6 6. Nge2 {B23: Closed Sicilian: Lines without g3.} Nf6 7. O-O e5 8. f4 {White has an edge.} exf4 {[#]} 9. Bxf4 $146 ({Predecessor:} 9. Nxf4 Be7 10. h3 O-O 11. Be3 Nd7 12. Qd2 Ne5 13. Rad1 g6 14. b3 Bf6 15. Kh1 {1-0 (62) Kamber,B (2290)-Bhend,E (2280) Suhr 1992}) 9... Be7 10. e5 dxe5 11. Bxe5 O-O 12. Qe1 Ng4 13. Bf4 c4 14. dxc4 Qb6+ 15. Kh1 Qxb2 16. Nd4 Bf6 17. Rb1 Qa3 18. Nb3 {Hoping for h3.} Qe7 19. Qg3 Bh4 20. Qf3 Ne5 21. Qe4 Ng6 22. Qxc6 Nxf4 23. Rxf4 {Strongly threatening Nd5.} ({Reject} 23. Qxa8 Bb7 $17) 23... Qg5 $2 {[%mdl 8192] Black cannot hold the game after this.} (23... Bb7 $11 {and Black is okay.} 24. Qb5 a6) 24. Rxh4 Qxh4 25. Qxa8 Re8 {( -> ...Re1+)} 26. Rf1 ({Less strong is} 26. Qxa7 Re1+ 27. Rxe1 Qxe1+ 28. Qg1 Qxc3 $16) 26... Qxc4 {[%cal Rc4f1]} 27. Qf3 Bg4 28. Qd3 Rc8 29. Nd5 Qxc2 30. Ne7+ Kf8 $2 (30... Kh8 31. Qe3 Rd8) 31. Qd6 $18 Re8 32. Re1 {Threatening mate with Ng6+!} Be6 {[#]} 33. Nd5+ (33. Nd4 $142 $1 Qf2 34. Nxe6+ fxe6 35. Nf5+ Kg8 {[#]} 36. Qe5 $1 {[%mdl 512]} Qxf5 37. Qxf5 {[%mdl 64] Pin}) 33... Kg8 34. Nc7 Qf2 {[%cal Rf2e1]} 35. Qb4 Rc8 (35... Rf8 $142 36. Nxe6 fxe6) 36. Nxe6 {White is clearly winning.} fxe6 37. Qe4 Re8 38. a4 Qa2 39. Nc5 e5 40. h3 {Av CentiPawn Loss W=-41/B=-55. Weighted=-34/-47} 1-0